| 000 | 00724nam a2200241 i 4500 | ||
|---|---|---|---|
| 001 | 6930 | ||
| 003 | ES-MaACL | ||
| 005 | 20250819051018.0 | ||
| 007 | t| | ||
| 008 | 900712s1989 sp ||||1| spa d | ||
| 020 | _a84345-8444-1 | ||
| 080 | _a50(04) | ||
| 100 | 1 |
_aRucker, Rudy. _9100470 |
|
| 245 | 1 | 3 |
_aLa Cuarta dimension / _cRudy Rucker. |
| 260 |
_aBarcelona : _bSalvat, _c1989. |
||
| 300 |
_aXIII, 296 p. : _bil. ; _c19 cm. |
||
| 490 | 1 |
_aBiblioteca científica Salvat ; _v76 |
|
| 650 | 4 |
_aCuarta dimensión. _911465 |
|
| 650 | 1 | 7 |
_aDivulgación científica _2embne _911958 |
| 830 | 0 |
_aBiblioteca científica Salvat ; _v76 _9177703 |
|
| 852 |
_aES-MaACL _jL-14159 _bR.117747 _z. - rust. |
||
| 999 |
_c6930 _d6930 |
||